zone centrum - Statistics

General Stats
  • This quiz has been taken 15 times
  • The average score is 4 of 17
Answer Stats
Hint Answer % Correct
logistiek 50
50%
witte helm manschappen
50%
rode helm officieren
50%
zwarte helm onderofficieren
50%
zonecommandant Wim van Zele
50%
personeelsleden 1088
25%
ambulanciers 200, 54 beroeps
25%
HR 45
25%
inwoners 609185
25%
naam boot dulle griet
25%
preventie 26
0%
vrijwilligers 387
0%
beroeps 480
0%
ziekenwagens aantal 5 zw, 3 pit
0%
opp 958 km2
0%
dir ops Lucas Deschuttere
0%
zonesecretaris Marijn Seys
0%
No matching quizzes found
Score Distribution
Percent of People with Each Score
Percentile by Number Answered
Your Score History
You have not taken this quiz